Concentración y trasnacionalización: tendencias durante los últimos veinte años (Fotocopia parcial)

में बचाया:
ग्रंथसूची विवरण
मुख्य लेखक: Trajtenberg, Raúl
स्वरूप: मूलपाठ
प्रकाशित: s.l.: s.e.
टैग: टैग जोड़ें
कोई टैग नहीं, इस रिकॉर्ड को टैग करने वाले पहले व्यक्ति बनें!

MARC

LEADER 00000 a a2200000 04500
001 23692
003
040
090 |a 165800  
100 |a Trajtenberg, Raúl  
245 |a Concentración y trasnacionalización: tendencias durante los últimos veinte años (Fotocopia parcial)  
260 |a s.l.:   |b s.e.  
300 |a pp. 133-160; 3, 1 copias  
999 |c 1354  |d 1354